Statistics for Dumb Ways To Die Lyrics Quiz

Click here to take the quiz!

General Stats

  • This quiz has been taken 1,284 times
  • The average score is 17 of 29

Answer Stats

HintAnswer% Correct
Poke a ____ at a grizzly bearStick
96%
Set fire to your ____Hair
93%
Dumb ways to ___Die
92%
Dumb ____ to dieways
92%
So ___ dumb ways to diemany
91%
__ many dumb ways to dieso
91%
Get your toast out with a ____fork
89%
Use your private parts as _________ baitPiranha
76%
Take your _______ off in outer spacehelmet
71%
Eat __________ that's out of dateMedicines
71%
Do your own _________ workelectrical
69%
Teach yourself how to ___fly
69%
Dress up like a moose during _________ _______Hunting season
65%
'I wonder what's this ___ _________ do?' (chorus)red button
57%
So many dumb _____ to dieways
56%
Sell both ______ ___________ on the internetyour kidneys
56%
So many _____Dumb
53%
Eat a 2-week old _________ pie (then Chorus)Unrefrigerated
52%
Use your clothes dryer as a ______ ______ (chorus)hiding place
51%
Eat a tube of ______ ______super glue
50%
Scratch your drug-dealer's brand new ____ride
49%
Disturb a ____ __ _______ for no good reasonnest of wasps
36%
Stand on the edge of a _____ ________ _________train station platform
36%
Invite a ____-_____ insidePsycho-killer
34%
Keep a___________ as a petRattlesnake
34%
Run across the _____ between the platformstracks
33%
_______ ways to die*3Dumbest
32%
They may not rhyme but they're quite ___________Possibly
28%
Drive around the boom gates at a _____ __________level crossing
22%

Score Distribution

Percentile by Number Answered

Percent of People with Each Score

Your Score History

You have not taken this quiz